Library Banner

PeopleSoft peopleTools (Record no. 47419)

MARC details
000 -LEADER
fixed length control field 00464nam a2200181Ia 4500
001 - CONTROL NUMBER
control field 49674
008 - FIXED-LENGTH DATA ELEMENTS--GENERAL INFORMATION
fixed length control field 140502s9999 xx 000 0 und d
020 ## - INTERNATIONAL STANDARD BOOK NUMBER
International Standard Book Number 97800716644936
040 ## - CATALOGING SOURCE
Transcribing agency PK-LaUMT
082 ## - DEWEY DECIMAL CLASSIFICATION NUMBER
Classification number 005.3
Item number MAR-P
100 ## - MAIN ENTRY--PERSONAL NAME
Personal name Marion, Jim J.
245 ## - TITLE STATEMENT
Title PeopleSoft peopleTools
Remainder of title tips & techniques
Statement of responsibility, etc Marion, Jim J.
260 ## - PUBLICATION, DISTRIBUTION, ETC. (IMPRINT)
Place of publication, distribution, etc New York,USA:
Name of publisher, distributor, etc McGraw-Hill,
Date of publication, distribution, etc 2010
300 ## - PHYSICAL DESCRIPTION
Extent 614 p.
546 ## - LANGUAGE NOTE
Language note EN
650 ## - SUBJECT ADDED ENTRY--TOPICAL TERM
Topical term or geographic name as entry element PeopleSoft software
942 ## - ADDED ENTRY ELEMENTS (KOHA)
Koha item type Books
Holdings
Withdrawn status Lost status Damaged status Not for loan Home library Current library Date acquired Total Checkouts Full call number Barcode Date last seen Price effective from Koha item type
        UMT Main Campus UMT Main Campus 2014-04-30   005.3 MAR-P 59581 2014-05-06 2014-05-06 Books